| 000 | 02706nam a2200217 a 4500 | ||
|---|---|---|---|
| 008 | 130513s2011 ||||||||||||||||| || u | ||
| 020 | _a9780123736284 | ||
| 050 | _aQD 79.C45 Spa | ||
| 100 | _aPenton, Zelda | ||
| 245 | 1 | 0 |
_aGas chromatography and mass spectrometry: a practical guide. (2nd ed.) _cby O. David Sparkman, Zelda E. Penton and Fulton G. Kitson |
| 250 | _a2nd ed. | ||
| 260 |
_aOxford, Uk: _bElsevier _c2011 |
||
| 300 | _axix, 611 p.: ill. | ||
| 500 | _aIncludes bibliographical references | ||
| 505 | _aThe fundamentals of GC/MS -- Introduction and history -- Gas chromatography -- The gc/ms interface -- Mass spectrometry instrumentation -- Mass spectral data interpretation -- Quantitation with GC/MS -- GC conditions, derivatization, and mass spectral interpretation -- Of specific compound types -- Acids -- Alcohols -- Aldehydes -- Amides -- Amines -- Amino acid -- Common contaminants -- Drugs and their metabolites -- Esters -- Ethers -- Fluorinated compounds -- Gases -- Glycols -- Halogenated compounds (other than fluorinated) -- Hydrocarbons -- Isocyanates -- Ketones -- Nitriles -- Nitroaromatics -- Nitrogen-containing heterocyclics -- Nucleosides (TMS derivatives) -- Pesticides -- Phenols -- Phosphorus compounds -- Plasticizers and other polymer additives (including phthalates) -- Prostaglandins (MO-TMS derivatives) -- Solvents and their impurities -- Steroids -- Sugars (monosaccharides) -- Sulfur compounds -- Appendices -- A definitions of terms related to gas chromatography -- B definitions of terms related to mass spectrometry -- C atomic masses and isotope abundances -- X+1 and x+2 values for ions containing atoms of C and H based on -- Isotope contributions -- E isotope peak patterns for ions containing atoms of Cl and/or Br -- F steps to follow in the determination of an elemental composition -- Based on isotope peak intensity ratios -- G derivatization in GC/MS -- H points of comparison of LC/MS vs GC/MS -- I list of available EI mass spectral databases -- J information required for reporting a GC/MS analysis -- K third-party software for use with GC/MS -- GC installation and maintenance -- Troubleshooting common GC problems -- N maintenance, operating tips, and troubleshooting for mass spectrometers -- O mixtures for determining mass spectral resolution -- P cross-index chart for GC stationary phases -- Q ions for determining unknown structures. | ||
| 650 | _aMass spectrometry | ||
| 650 | _aGas chromatography | ||
| 700 | _aKitson, Fulton G | ||
| 700 | _aSparkman, O. David | ||
| 995 |
_FCBU-MAIN LIBRARY (Kitwe) _M1 _UAVAILABLE _WMay 13, 2013 _ZMain Library Open Access Collection |
||
| 999 |
_c44307 _d44307 |
||